Visualizzazione normale
Vista MARC
- Margiotta Broglio, Francesco,
di Personal Name
Records bibliografici associati: 1
001 - CONTROL NUMBER
- control field: 35504
003 - CONTROL NUMBER IDENTIFIER
- control field: IT-RoPau
005 - DATE AND TIME OF LATEST TRANSACTION
- control field: 20150725110609.0
008 - FIXED-LENGTH DATA ELEMENTS
- fixed length control field: 150725|| aca||aabn | a|a d
040 ## - CATALOGING SOURCE
- Original cataloging agency: IT-RoPau
- Transcribing agency: IT-RoPau
100 ## - HEADING--PERSONAL NAME
- Personal name: Margiotta Broglio, Francesco,
- Relator term: ed.
670 ## - SOURCE DATA FOUND
- Source citation: Work cat.: (IT-RoPau)0: Jemolo, Arturo Carlo, 1891-1981. 35502, Stato e Chiesa negli scrittori politici italiani del Seicento e del Settecento., 1972.